<?xml version="1.0" encoding="UTF-8"?>
<record
    xmlns:xsi="http://www.w3.org/2001/XMLSchema-instance"
    xsi:schemaLocation="http://www.loc.gov/MARC21/slim http://www.loc.gov/standards/marcxml/schema/MARC21slim.xsd"
    xmlns="http://www.loc.gov/MARC21/slim">

  <leader>00805nam a22002057a 4500</leader>
  <datafield tag="999" ind1=" " ind2=" ">
    <subfield code="c">63531</subfield>
    <subfield code="d">63531</subfield>
  </datafield>
  <controlfield tag="005">20240530110646.0</controlfield>
  <controlfield tag="008">171112s2015    ua a   g      000 0dara d</controlfield>
  <datafield tag="017" ind1=" " ind2=" ">
    <subfield code="a">2015/4195</subfield>
    <subfield code="b">&#x645;&#x635;&#x631;. &#x62F;&#x627;&#x631; &#x627;&#x644;&#x643;&#x62A;&#x628;</subfield>
  </datafield>
  <datafield tag="040" ind1=" " ind2=" ">
    <subfield code="a">EG-CaGPL</subfield>
    <subfield code="c">EG-CaGPL</subfield>
  </datafield>
  <datafield tag="082" ind1="0" ind2="4">
    <subfield code="2">21</subfield>
    <subfield code="a">910.4\</subfield>
    <subfield code="b">&#x639; &#x645;</subfield>
  </datafield>
  <datafield tag="100" ind1="0" ind2=" ">
    <subfield code="a">&#x639;&#x644;&#x649; &#x639;&#x628;&#x62F;&#x627;&#x644;&#x639;&#x632;&#x64A;&#x632; &#x633;&#x644;&#x64A;&#x645;&#x627;&#x646; </subfield>
  </datafield>
  <datafield tag="245" ind1="1" ind2="0">
    <subfield code="a">&#x645;&#x622;&#x630;&#x646; &#x632;&#x627;&#x647;&#x631;&#x629; :</subfield>
    <subfield code="b">&#x631;&#x62D;&#x644;&#x627;&#x62A; &#x627;&#x644;&#x649; &#x62F;&#x648;&#x644; &#x648;&#x633;&#x637; &#x627;&#x633;&#x64A;&#x627; &#x627;&#x644;&#x645;&#x633;&#x644;&#x645;&#x629; &#x648; &#x627;&#x644;&#x647;&#x646;&#x62F; /</subfield>
    <subfield code="c">&#x628;&#x642;&#x644;&#x645; &#x639;&#x644;&#x649; &#x639;&#x628;&#x62F;&#x627;&#x644;&#x639;&#x632;&#x64A;&#x632; &#x633;&#x644;&#x64A;&#x645;&#x627;&#x646; </subfield>
  </datafield>
  <datafield tag="250" ind1=" " ind2=" ">
    <subfield code="a">&#x637;.1</subfield>
  </datafield>
  <datafield tag="260" ind1=" " ind2=" ">
    <subfield code="a">&#x627;&#x644;&#x642;&#x627;&#x647;&#x631;&#x629; : </subfield>
    <subfield code="b">&#x627;&#x644;&#x645;&#x643;&#x62A;&#x628;&#x629; &#x627;&#x644;&#x627;&#x643;&#x627;&#x62F;&#x64A;&#x645;&#x64A;&#x629; &#x60C;</subfield>
    <subfield code="c">2015 .</subfield>
  </datafield>
  <datafield tag="300" ind1=" " ind2=" ">
    <subfield code="a">180 &#x635;. &#x61B;</subfield>
    <subfield code="c">19 &#x633;&#x645;.</subfield>
  </datafield>
  <datafield tag="651" ind1="0" ind2="7">
    <subfield code="2">qrmak</subfield>
    <subfield code="a">&#x627;&#x644;&#x647;&#x646;&#x62F;</subfield>
    <subfield code="x">&#x648;&#x635;&#x641; &#x648; &#x631;&#x62D;&#x644;&#x627;&#x62A;</subfield>
  </datafield>
  <datafield tag="651" ind1="0" ind2="7">
    <subfield code="2">qrmak</subfield>
    <subfield code="a">&#x627;&#x633;&#x64A;&#x627;</subfield>
    <subfield code="x">&#x648;&#x635;&#x641; &#x648; &#x631;&#x62D;&#x644;&#x627;&#x62A;</subfield>
  </datafield>
  <datafield tag="942" ind1=" " ind2=" ">
    <subfield code="2">ddc</subfield>
    <subfield code="c">BK</subfield>
  </datafield>
  <datafield tag="952" ind1=" " ind2=" ">
    <subfield code="0">0</subfield>
    <subfield code="1">0</subfield>
    <subfield code="4">0</subfield>
    <subfield code="7">0</subfield>
    <subfield code="a">CAI</subfield>
    <subfield code="b">CAI</subfield>
    <subfield code="c">MAIN-LIBRARY</subfield>
    <subfield code="d">2017-11-12</subfield>
    <subfield code="l">0</subfield>
    <subfield code="o">910.4\ &#x639; &#x645;</subfield>
    <subfield code="p">163622</subfield>
    <subfield code="r">2017-11-12 00:00:00</subfield>
    <subfield code="w">2017-11-12</subfield>
    <subfield code="y">BK</subfield>
  </datafield>
</record>
